Blue Ocean Strategy (Record no. 12242)

MARC details
000 -LEADER
fixed length control field 00365nam a22001577a 4500
003 - CONTROL NUMBER IDENTIFIER
control field OSt
008 - FIXED-LENGTH DATA ELEMENTS--GENERAL INFORMATION
fixed length control field 240224b |||||||| |||| 00| 0 eng d
020 ## - INTERNATIONAL STANDARD BOOK NUMBER
International Standard Book Number 9781625274496
082 ## - DEWEY DECIMAL CLASSIFICATION NUMBER
Classification number 658.8
Item number CHB
100 ## - MAIN ENTRY--PERSONAL NAME
Personal name KIM,W.Chan
245 ## - TITLE STATEMENT
Title Blue Ocean Strategy
250 ## - EDITION STATEMENT
Edition statement 1st Ed
260 ## - PUBLICATION, DISTRIBUTION, ETC. (IMPRINT)
Place of publication, distribution, etc Boston
Name of publisher, distributor, etc Harvard Business Review
Date of publication, distribution, etc 2015
300 ## - PHYSICAL DESCRIPTION
Extent 287
942 ## - ADDED ENTRY ELEMENTS (KOHA)
Source of classification or shelving scheme Dewey Decimal Classification
Koha item type Text Books
Holdings
Withdrawn status Lost status Source of classification or shelving scheme Damaged status Not for loan Collection code Home library Current library Date acquired Source of acquisition Currency Cost, normal purchase price Bill Number Total Checkouts Full call number Acc. no. / Barcode Date last seen Actual Cost, discounted price Bill Date Koha item type Checked out Date last borrowed
    Dewey Decimal Classification     GENERAL PIET C-LIBRARY PIET C-LIBRARY 15/02/2024 Zafaa Books and Distributors In rupees 1350.00 ZBD0375   658.8 CHB 35542 24/02/2024 877.50 15/02/2024 Reference Books    
    Dewey Decimal Classification     GENERAL PIET C-LIBRARY PIET C-LIBRARY 15/02/2024 Zafaa Books and Distributors In rupees 1350.00 ZBD0375   658.8 CHB 35543 24/02/2024 877.50 15/02/2024 Text Books    
    Dewey Decimal Classification     GENERAL PIET C-LIBRARY PIET C-LIBRARY 18/06/2024 Zafaa Books and Distributors In rupees 1499.00 ZBD0077 1 658.8 CHB 37692 12/07/2024 1124.25 18/06/2024 Text Books 28/01/2025 12/07/2024

Design & Developed by: PIET Central Library
R70 Miles Stone Pattikalyana Samalkha Panipat 132102
mail ID :- [email protected], Phone No:- 0180-2569700 Ex.216